Các phương pháp đánh giá và phòng chống một số bệnh liên quan đến dinh dưỡng

Nội dung sách trình bày các phương pháp đánh giá tình trạng dinh dưỡng, phương pháp xây dựng kế hoạch can thiệp dinh dưỡng, các phương pháp đánh giá và phòng chống một số bệnh liên quan đến dinh dưỡng....

وصف كامل

محفوظ في:
التفاصيل البيبلوغرافية
مؤلفون آخرون: Lê Danh Tuyên (Biên soạn), Nguyễn Đỗ Huy (Biên soạn), Nguyễn Thanh Hà (Biên soạn)
التنسيق: كتاب
اللغة:Vietnamese
منشور في: H. Lao động xã hội 2012
الموضوعات:
الوسوم: إضافة وسم
لا توجد وسوم, كن أول من يضع وسما على هذه التسجيلة!
Thư viện lưu trữ: Thư viện Trường Đại học Nam Cần Thơ
LEADER 01941nam a22002777a 4500
001 NCT_75445
008 200224b xxu||||| |||| 00| 0 vie d
999 |c 3678  |d 3678 
020 |c 120000 
082 0 4 |2 23rd ed.  |a 613.2  |b C101P 
245 0 0 |a Các phương pháp đánh giá và phòng chống một số bệnh liên quan đến dinh dưỡng  |c Lê Danh Tuyên (biên soạn), ....[et al.] 
260 |a H.  |b Lao động xã hội  |c 2012 
300 |a 248 tr.  |c 25cm 
500 |a ĐTTS ghi: Trường Đại học Y tế Công cộng 
520 3 |a Nội dung sách trình bày các phương pháp đánh giá tình trạng dinh dưỡng, phương pháp xây dựng kế hoạch can thiệp dinh dưỡng, các phương pháp đánh giá và phòng chống một số bệnh liên quan đến dinh dưỡng. 
653 |a Y Đa khoa 
700 1 |a Lê Danh Tuyên  |e Biên soạn 
700 1 |a Nguyễn Đỗ Huy  |e Biên soạn 
700 1 |a Nguyễn Thanh Hà  |e Biên soạn 
942 |2 ddc  |c BK 
952 |0 0  |1 0  |2 ddc  |4 0  |6 613_200000000000000_C101P  |7 0  |9 18851  |a 000001  |b 000001  |d 2020-02-24  |o 613.2 C101P  |p MD.16483  |r 2020-02-24  |v 120000.00  |w 2020-02-24  |y BK 
952 |0 0  |1 0  |2 ddc  |4 0  |6 613_200000000000000_C101P  |7 0  |9 18852  |a 000001  |b 000001  |d 2020-02-24  |o 613.2 C101P  |p MD.16484  |r 2020-02-24  |v 120000.00  |w 2020-02-24  |y BK 
952 |0 0  |1 0  |2 ddc  |4 0  |6 613_200000000000000_C101P  |7 0  |9 18853  |a 000001  |b 000001  |d 2020-02-24  |o 613.2 C101P  |p MD.16485  |r 2020-02-24  |v 120000.00  |w 2020-02-24  |y BK 
952 |0 0  |1 0  |2 ddc  |4 0  |6 613_200000000000000_C101P  |7 0  |9 18854  |a 000001  |b 000001  |d 2020-02-24  |l 1  |o 613.2 C101P  |p MD.16486  |r 2020-12-03  |s 2020-11-18  |v 120000.00  |w 2020-02-24  |y BK 
952 |0 0  |1 0  |2 ddc  |4 0  |6 613_200000000000000_C101P  |7 0  |9 18855  |a 000001  |b 000001  |d 2020-02-24  |o 613.2 C101P  |p MD.16487  |r 2020-02-24  |v 120000.00  |w 2020-02-24  |y BK 
980 |a Thư viện Trường Đại học Nam Cần Thơ